Mujeres, saberes y profesiones (Registro nro. 322540)
[ vista simple ]
| 000 -ENCABEZADO | |
|---|---|
| Número de control [NR] | 00993nam a22002417a 4500 |
| 005 - FECHA Y HORA DE LA ÚLTIMA TRANSACCIÓN | |
| control field | 20230417094759.0 |
| 008 - DE LONGITUD FIJA DE DATOS DE ELEMENTOS - INFORMACIÓN GENERAL | |
| Elementos de longitud fija [NR] | 230417s2019 ag |||gr|||| 00| 0 spa d |
| 020 ## - NUMERO INTERNACIONAL NORMALIZADO PARA LIBROS [R] | |
| Número Internacional Normalizado del libro [NR] | 9789876917513 |
| 040 ## - FUENTE DE CATALOGACION [NR] | |
| Agencia de catalogación original [NR] | CO-BoUCM |
| Idioma de catalogación [NR] | spa |
| Quien Cataloga | Deissy Garcia |
| Quien Clasifica | Deissy Garcia |
| 041 0# - CODIGO DE IDIOMA [R] | |
| Código de idioma para texto/pista de sonido o título separado [R] | Español |
| 245 00 - MENCION DE TITULO [NR] | |
| Título [NR] | Mujeres, saberes y profesiones |
| Parte restante del título [NR] | un recorrrido desde las ciencias sociales |
| Mención de responsabilidad, etc. [NR] | coordinación Ana Laura Martin, Graciela Queirolo, Karina Ramaccioti |
| 260 ## - PUBLICACION, DISTRIBUCION, ETC. (PIE DE IMPRENTA) [R] | |
| Lugar de publicación, distribución, etc. [R] | Ciudad Autónoma de Buenos Aires |
| Nombre del editor, distribuidor, etc. [R] | Biblos |
| Fecha de publicación, distribución, etc. [R] | 2019 |
| 300 ## - DESCRIPCION FISICA [R] | |
| Extensión [R] | 200 páginas |
| 490 0# - MENCION DE SERIE [R] | |
| Mención de serie [R] | Ciudadanía e inclusión |
| 504 ## - NOTA DE BIBLIOGRAFIA, ETC. [R] | |
| Nota de bibliografía, etc. [NR] | Incluye referencias bibliográficas |
| 650 #7 - ASIENTO SECUNDARIO DE MATERIA - TERMINO TEMATICO [R] | |
| Término temático o nombre geográfico como elemento de entrada [NR] | Mujeres en las profesiones |
| Subdivisión general [R] | Historia |
| Subdivisión cronológica [R] | Siglo XX |
| Subdivisión geográfica [R] | Argentina |
| 9 (RLIN) | 177329 |
| 650 #7 - ASIENTO SECUNDARIO DE MATERIA - TERMINO TEMATICO [R] | |
| Término temático o nombre geográfico como elemento de entrada [NR] | Trabajo de la mujer |
| 9 (RLIN) | 25585 |
| 700 1# - ASIENTO SECUNDARIO - NOMBRE PERSONAL [R] | |
| 9 (RLIN) | 177326 |
| Nombre personal [NR] | Martin, Ana Laura |
| Término de relación [R] | coordinador |
| 700 1# - ASIENTO SECUNDARIO - NOMBRE PERSONAL [R] | |
| 9 (RLIN) | 177327 |
| Nombre personal [NR] | Queirolo, Graciela |
| Término de relación [R] | coordinador |
| 700 1# - ASIENTO SECUNDARIO - NOMBRE PERSONAL [R] | |
| 9 (RLIN) | 177328 |
| Nombre personal [NR] | Ramacciotti, Karina Inés |
| Término de relación [R] | coordinador |
| 942 ## - ELEMENTOS DE ENTRADA AGREGADOS (KOHA) | |
| Sistema de clasificación | DEWEY |
| Tema principal | Economía |
| Tipo de ítem principal el descrito en 300a | Libro |
| Edición | 1 |
| Clasificación | 331.4 |
| Parte restante de la signatura top. | M953s |
| Título oculto en OPAC | No |
| Signatura topográfica | Código de barras | Última vez visto | Ejemplar | Costo de reposición | Price effective from | Tipo de ítem | Perdido | Sistema de clasificación | Dañado | No prestable | Tipo de ítem específico | Suprimido | Ubicación habitual | Ubicación actual | Localización | Fecha de creación | Forma de adquisición | Costo |
|---|---|---|---|---|---|---|---|---|---|---|---|---|---|---|---|---|---|---|
| 331.4 M953s | 100171541 | 11/12/2025 | Ej.1 | 310000.00 | 17/04/2023 | Libro | DEWEY | Libro | Quinta de Mutis | Quinta de Mutis | Mezanecs | 17/04/2023 | Compra | 310000.00 |